<?xml version="1.0" encoding="UTF-8"?>
<record
    xmlns:xsi="http://www.w3.org/2001/XMLSchema-instance"
    xsi:schemaLocation="http://www.loc.gov/MARC21/slim http://www.loc.gov/standards/marcxml/schema/MARC21slim.xsd"
    xmlns="http://www.loc.gov/MARC21/slim">

  <leader>01296nam a22003137a 4500</leader>
  <controlfield tag="001">BRCA_9316</controlfield>
  <controlfield tag="003">FranzMayer</controlfield>
  <controlfield tag="005">20230918115632.0</controlfield>
  <controlfield tag="008">230816b        |||||||| |||| 00| 0 eng d</controlfield>
  <datafield tag="020" ind1=" " ind2=" ">
    <subfield code="a">1858943205</subfield>
  </datafield>
  <datafield tag="040" ind1=" " ind2=" ">
    <subfield code="a">MFM</subfield>
    <subfield code="b">espa&#xF1;ol</subfield>
    <subfield code="c">MFM</subfield>
  </datafield>
  <datafield tag="050" ind1=" " ind2="0">
    <subfield code="a">NA1008.5</subfield>
    <subfield code="b">L33 2006</subfield>
  </datafield>
  <datafield tag="100" ind1="1" ind2=" ">
    <subfield code="4">Autor</subfield>
    <subfield code="a">Labaco, Ronald T.</subfield>
    <subfield code="9">29056</subfield>
  </datafield>
  <datafield tag="240" ind1=" " ind2=" ">
    <subfield code="a">Ettore Sottsass</subfield>
    <subfield code="h">Architect and Designer</subfield>
    <subfield code="l">english</subfield>
  </datafield>
  <datafield tag="245" ind1="0" ind2=" ">
    <subfield code="a">Ettore Sottsass</subfield>
    <subfield code="b">Architect and Designer</subfield>
  </datafield>
  <datafield tag="260" ind1=" " ind2=" ">
    <subfield code="a">New York, EE.UU.</subfield>
    <subfield code="b">Merrell Publishers Limited</subfield>
    <subfield code="c">2006</subfield>
  </datafield>
  <datafield tag="300" ind1=" " ind2=" ">
    <subfield code="a">160 p</subfield>
    <subfield code="b">Ilustraciones a color</subfield>
    <subfield code="c">29 cm</subfield>
  </datafield>
  <datafield tag="500" ind1=" " ind2=" ">
    <subfield code="a">Anexo 1</subfield>
  </datafield>
  <datafield tag="500" ind1=" " ind2=" ">
    <subfield code="a">El libro se encuentra en tapa dura y contiene una cubierta de papel encima</subfield>
  </datafield>
  <datafield tag="500" ind1=" " ind2=" ">
    <subfield code="a">El libro tiene una tarjeta con dedicatoria dentro del mismo</subfield>
  </datafield>
  <datafield tag="505" ind1=" " ind2=" ">
    <subfield code="a">Texto en: ingl&#xE9;sIncluye &#xED;ndice tem&#xE1;ticoDirigido a: artistas, arquitectos, dise&#xF1;adores de interiores o cualquier persona interesada en el arte</subfield>
  </datafield>
  <datafield tag="650" ind1="1" ind2=" ">
    <subfield code="2">Arquitectura</subfield>
    <subfield code="a">Historia de la arquitectura</subfield>
    <subfield code="v">Arquitectura de Europa</subfield>
    <subfield code="9">29057</subfield>
  </datafield>
  <datafield tag="651" ind1="2" ind2=" ">
    <subfield code="2">Arquitectura de Austria</subfield>
    <subfield code="a">Siglo XX</subfield>
    <subfield code="v">Ettore Sottsass</subfield>
    <subfield code="9">29058</subfield>
  </datafield>
  <datafield tag="700" ind1="1" ind2=" ">
    <subfield code="4">Cont.</subfield>
    <subfield code="a">Doordan, P. Dennis</subfield>
    <subfield code="9">29059</subfield>
  </datafield>
  <datafield tag="700" ind1="1" ind2=" ">
    <subfield code="4">Contr.</subfield>
    <subfield code="a">Sparke, Penny</subfield>
    <subfield code="9">29060</subfield>
  </datafield>
  <datafield tag="700" ind1="1" ind2=" ">
    <subfield code="4">Contr.</subfield>
    <subfield code="a">Steele, James</subfield>
    <subfield code="9">29061</subfield>
  </datafield>
  <datafield tag="700" ind1="1" ind2=" ">
    <subfield code="4">Contr.</subfield>
    <subfield code="a">Zaiden, Emily</subfield>
    <subfield code="9">29062</subfield>
  </datafield>
  <datafield tag="942" ind1=" " ind2=" ">
    <subfield code="2">lcc</subfield>
    <subfield code="c">B</subfield>
  </datafield>
  <datafield tag="999" ind1=" " ind2=" ">
    <subfield code="c">10938</subfield>
    <subfield code="d">10938</subfield>
  </datafield>
  <datafield tag="952" ind1=" " ind2=" ">
    <subfield code="0">0</subfield>
    <subfield code="1">0</subfield>
    <subfield code="2">lcc</subfield>
    <subfield code="4">0</subfield>
    <subfield code="7">0</subfield>
    <subfield code="8">FCON</subfield>
    <subfield code="a">BRCA</subfield>
    <subfield code="b">BRCA</subfield>
    <subfield code="d">2023-08-16</subfield>
    <subfield code="e">Donaci&#xF3;n</subfield>
    <subfield code="l">0</subfield>
    <subfield code="o">NA1008.5 L33 2006</subfield>
    <subfield code="p">CONT10072</subfield>
    <subfield code="r">2023-08-16 00:00:00</subfield>
    <subfield code="w">2023-08-16</subfield>
    <subfield code="y">B</subfield>
  </datafield>
</record>
